|
|
|
|
| LEADER |
01258nam a22003372a 4500 |
| 001 |
000202715 |
| 003 |
CZ BrMZK |
| 005 |
20060626144141.0 |
| 007 |
ta |
| 008 |
970103s1989 xo f slo d |
| 020 |
|
|
|a 80-05-00105-3
|
| 040 |
|
|
|a BOA001
|b cze
|
| 080 |
|
|
|a 72.011
|2 MRF
|
| 080 |
|
|
|a 69.001.6
|2 MRF
|
| 100 |
1 |
|
|a Zeman, Ján,
|d 1926-
|7 mzk2010473990
|4 aut
|
| 245 |
1 |
0 |
|a Riadenie projektových organizácií /
|c Ján Zeman
|
| 250 |
|
|
|a 1. vyd.
|
| 260 |
|
|
|a Bratislava :
|b Alfa,
|c 1989
|
| 300 |
|
|
|a 389 s.
|
| 490 |
1 |
|
|a Edícia ekonomickej literatúry
|
| 504 |
|
|
|a Obsahuje bibliografii
|
| 830 |
|
0 |
|a Edícia ekonomickej literatúry (Alfa)
|
| 910 |
|
|
|a BOA001
|b TK-0243.432
|b 2-0950.613
|
| 920 |
|
|
|a 000097361
|
| 964 |
|
|
|a Projektování - organizace - hospodaření - řízení
|
| 990 |
|
|
|a BK
|
| 991 |
|
|
|b 200606
|
| 996 |
7 |
|
|b 2619986922
|c 2-0950.613
|l MZK
|r Sklad / do 1 hodiny
|n 2
|w 000202715
|u 000040
|a 1
|e BOA001
|j MZK50
|s A
|
| 996 |
7 |
|
|b 2629993109
|c TK-0243.432
|l MZK
|r Sklad / do 24 hodin
|n 0
|w 000202715
|u 000010
|a 1
|e BOA001
|j MZK50
|s A
|
| 996 |
7 |
|
|b 2629993200
|c TK-0243.432
|l MZK
|r Sklad / do 24 hodin
|n 0
|w 000202715
|u 000020
|a 1
|e BOA001
|j MZK50
|s A
|
| 996 |
7 |
|
|b 2629993201
|c TK-0243.432
|l MZK
|r Sklad / do 24 hodin
|n 0
|w 000202715
|u 000030
|a 1
|e BOA001
|j MZK50
|s A
|